Liquid state chemical physics (Record no. 25714)

MARC details
000 -LEADER
fixed length control field 00298nam a2200121Ia 4500
082 ## - DEWEY DECIMAL CLASSIFICATION NUMBER
Classification number 54-14
Item number WAT
100 ## - MAIN ENTRY--AUTHOR NAME
Personal name McGee, I J
245 #0 - TITLE STATEMENT
Title Liquid state chemical physics
260 ## - PUBLICATION, DISTRIBUTION, ETC. (IMPRINT)
Place of publication New York
Name of publisher John Wiley
Year of publication 1976
700 ## - ADDED ENTRY--PERSONAL NAME
Personal name Watts, R O
942 ## - ADDED ENTRY ELEMENTS (KOHA)
Koha item type Books
Holdings
Withdrawn status Lost status Damaged status Not for loan Home library Current library Date acquired Cost, normal purchase price Full call number Accession Number Koha item type
        RRII Library RRII Library 16/12/2021 24.95 54-14 WAT 06366 Books